The C# programming language / (Record no. 35796)

MARC details
000 -LEADER
fixed length control field 04003nam a22004697a 4500
005 - DATE AND TIME OF LATEST TRANSACTION
control field 20101220114450.0
010 ## - LCCN (DPL NO)
LC control number B-419617-634
020 ## - INTERNATIONAL STANDARD BOOK NUMBER
International Standard Book Number 9788131728963
Terms of availability 625.00
035 ## - SYSTEM CONTROL NUMBER
System control number B-419617-634
037 ## - SOURCE OF ACQUISITION
Source of stock number/acquisition UBH
082 ## - DEWEY DECIMAL CLASSIFICATION NUMBER
Classification number 005.133
245 ## - TITLE STATEMENT
Title The C# programming language /
Statement of responsibility, etc by Anders Hejlsberg...[et al]
250 ## - EDITION STATEMENT
Edition statement 3rd ed.
260 ## - PUBLICATION, DISTRIBUTION, ETC. (IMPRINT)
Place of publication, distribution, etc Delhi
Name of publisher, distributor, etc Pearson Educations
Date of publication, distribution, etc 2010
270 ## - ADDRESS
Address 482 FIF, Patparganj
City Delhi
Postal code 110092
300 ## - PHYSICAL DESCRIPTION
Extent xviii, 754p.
Dimensions 28cm(pbk)
500 ## - GENERAL NOTE
General note Includes references and index
700 ## - ADDED ENTRY--PERSONAL NAME
Personal name Hejlsberg, Anders
9 (RLIN) 24945
700 ## - ADDED ENTRY--PERSONAL NAME
Personal name Torgersen, Mads.
9 (RLIN) 24946
700 ## - ADDED ENTRY--PERSONAL NAME
Personal name Wiltamuth, Scott.
9 (RLIN) 24947
700 ## - ADDED ENTRY--PERSONAL NAME
Personal name Golde, Peter.
9 (RLIN) 24948
942 ## - ADDED ENTRY ELEMENTS (KOHA)
Source of classification or shelving scheme Dewey Decimal Classification
Item type English Books
Call number suffix CPR
Classification part 005.133
Holdings
Withdrawn status Lost status Not for loan Collection code Home library Current library Date acquired Source of acquisition Cost, normal purchase price Full call number Barcode Copy number Cost, replacement price Koha item type
      Non-fiction Andrews Gunj Andrews Gunj 20/12/2010 UBH/078/13.8.10/64/1.7.10/25.8.10 625.00 005.133 CPR B-419628 1 625.00 English Books
      Non-fiction Bawana Bawana 20/12/2010 UBH/078/13.8.10/64/1.7.10/25.8.10 625.00 005.133 CPR B-419633 1 625.00 English Books
      Non-fiction Central Library Central Library 20/12/2010 UBH/078/13.8.10/64/1.7.10/25.8.10 625.00 005.133 CPR B-419617 1 625.00 English Books
      Non-fiction Janak Puri Janak Puri 20/12/2010 UBH/078/13.8.10/64/1.7.10/25.8.10 625.00 005.133 CPR B-419624 2 625.00 English Books
      Non-fiction Janak Puri Janak Puri 20/12/2010 UBH/078/13.8.10/64/1.7.10/25.8.10 625.00 005.133 CPR B-419625 2 625.00 English Books
  Written-off vide DLB M. No. 383 dt 16.05.19   Non-fiction Karol Bagh Karol Bagh 20/12/2010 UBH/078/13.8.10/64/1.7.10/25.8.10 625.00 005.133 CPR B-419631 1 625.00 English Books
      Non-fiction Mobile Library Mobile Library 20/12/2010 UBH/078/13.8.10/64/1.7.10/25.8.10 625.00 005.133 CPR B-419618 4 625.00 English Books
      Non-fiction Mobile Library Mobile Library 20/12/2010 UBH/078/13.8.10/64/1.7.10/25.8.10 625.00 005.133 CPR B-419619 4 625.00 English Books
      Non-fiction Mobile Library Mobile Library 20/12/2010 UBH/078/13.8.10/64/1.7.10/25.8.10 625.00 005.133 CPR B-419620 4 625.00 English Books
      Non-fiction Mobile Library Mobile Library 20/12/2010 UBH/078/13.8.10/64/1.7.10/25.8.10 625.00 005.133 CPR B-419621 4 625.00 English Books
      Non-fiction Narela Narela 20/12/2010 UBH/078/13.8.10/64/1.7.10/25.8.10 625.00 005.133 CPR B-419632 1 625.00 English Books
      Non-fiction New Police Line New Police Line 20/12/2010 UBH/078/13.8.10/64/1.7.10/25.8.10 625.00 005.133 CPR B-419622 1 625.00 English Books
  Written-off vide DLB M. No. 383 dt 16.05.19   Non-fiction Patel Nagar Patel Nagar 20/12/2010 UBH/078/13.8.10/64/1.7.10/25.8.10 625.00 005.133 CPR B-419623 1 625.00 English Books
      Non-fiction R.C.Libraries (zls) R.C.Libraries (zls) 20/12/2010 UBH/078/13.8.10/64/1.7.10/25.8.10 625.00 005.133 CPR B-419629 1 625.00 English Books
  Written-off vide DLB M. No. 383 dt 16.05.19   Non-fiction R.K.Puram-8 R.K.Puram-8 20/12/2010 UBH/078/13.8.10/64/1.7.10/25.8.10 625.00 005.133 CPR B-419627 1 625.00 English Books
      Non-fiction Sarojini Nagar Sarojini Nagar 20/12/2010 UBH/078/13.8.10/64/1.7.10/25.8.10 625.00 005.133 CPR B-419626 1 625.00 English Books
      Non-fiction Shahdara Branch Shahdara Branch 20/12/2010 UBH/078/13.8.10/64/1.7.10/25.8.10 625.00 005.133 CPR B-419634 1 625.00 English Books
      Non-fiction Vinoba Puri Vinoba Puri 20/12/2010 UBH/078/13.8.10/64/1.7.10/25.8.10 625.00 005.133 CPR B-419630 1 625.00 English Books

© Delhi Public Library
Hit Counter
free hit counter